000 nam a22 7a 4500
999 _c9876
_d9876
008 180208b ||||| |||| 00| 0 eng d
100 _aThree ESS Publication
_931
245 _aAdventure stories for Boys
260 _aNew Delhi
_bThree ESS Publication
_c2012